Prensa y poder, 1854-1857 : (Registro nro. 70363)

Detalles MARC
000 -LEADER
fixed length control field 00693nam a22001937a 4500
005 - DATE AND TIME OF LATEST TRANSACTION
control field 20250312114718.0
008 - FIXED-LENGTH DATA ELEMENTS--GENERAL INFORMATION
fixed length control field 021127s1978 mx r u000 0 spa d
050 04 - LIBRARY OF CONGRESS CALL NUMBER
Classification number PN4748.M4
Item number M34 1978
100 1# - MAIN ENTRY--PERSONAL NAME
Personal name McGowan, Gerald L.
245 10 - TITLE STATEMENT
Title Prensa y poder, 1854-1857 :
Remainder of title La Revolución de Ayutla : El Congreso Constituyente /
Statement of responsibility, etc Gerald L. McGowan.
260 ## - PUBLICATION, DISTRIBUTION, ETC. (IMPRINT)
Place of publication, distribution, etc México :
Name of publisher, distributor, etc El Colegio de México,
Date of publication, distribution, etc 1978
300 ## - PHYSICAL DESCRIPTION
Extent 376 p. ;
Dimensions 22 cm.
490 #0 - SERIES STATEMENT
Series statement Centro de estudios históricos ;
Volume number/sequential designation 24
504 ## - BIBLIOGRAPHY, ETC. NOTE
Bibliography, etc Incluye bibliografía
506 ## - RESTRICTIONS ON ACCESS NOTE
Terms governing access Rec. Esc.
650 #7 - SUBJECT ADDED ENTRY--TOPICAL TERM
Source of heading or term Lemb
Topical term or geographic name as entry element Libertad de prensa
Geographic subdivision México
General subdivision Historia
650 #7 - SUBJECT ADDED ENTRY--TOPICAL TERM
Source of heading or term Lemb
Topical term or geographic name as entry element Periodismo
Geographic subdivision México
General subdivision Condiciones políticas
942 ## - ADDED ENTRY ELEMENTS (KOHA)
Source of classification or shelving scheme Biblioteca del Cogreso de los Estados Unidos
Koha item type Libro
Existencias
Estado de pérdida Fuente de clasificación Estado del daño No para préstamo Ubicación permanente Ubicación actual Apartado o colección Fecha de adquisición Edición Dependencia de educación superior (DES) Área del conocimiento Clasificación Código de Barras Date last seen Número de copia Costo por reposición Tipo de recurso
  Biblioteca del Cogreso de los Estados Unidos     Biblioteca del Instituto de Investigaciones Históricas Biblioteca del Instituto de Investigaciones Históricas General 14/11/2018 1a ed. Humanidades Educación y Humanidades PN4748.M4 M34 1978 IIH00004162 14/11/2018 1 1.00 Libro